Studies in Tudor and Stuart politics and government: papers , V1:Todor politics/Tudor government. V2:Parliament/political thought. V3:Papers and reviewa 1946- 1972 (Record no. 40977)

MARC details
000 -LEADER
fixed length control field 00517nam a2200145Ia 4500
008 - FIXED-LENGTH DATA ELEMENTS--GENERAL INFORMATION
fixed length control field 230917s9999||||xx |||||||||||||| ||und||
040 ## - CATALOGING SOURCE
-- 41615
Original cataloging agency VIVEKANANDA LIBRARY
041 ## - Language
-- English
082 ## - DDC NUMBER
Classification number 942 E84S
100 ## - MAIN ENTRY--PERSONAL NAME
Personal name Elton, G R
245 #0 - TITLE STATEMENT
Title Studies in Tudor and Stuart politics and government: papers , V1:Todor politics/Tudor government. V2:Parliament/political thought. V3:Papers and reviewa 1946- 1972
260 ## - PUBLICATION, DISTRIBUTION, ETC. (IMPRINT)
Place of publication, distribution, etc Cambridge
Name of publisher, distributor, etc Cambridge University Press
Date of publication, distribution, etc 1974
300 ## - PHYSICAL DESCRIPTION
Pages xii, 401 p. ; x, 512 ; x, 267
942 ## - ADDED ENTRY ELEMENTS (KOHA)
Koha item type Books
Holdings
Withdrawn status Lost status Damaged status Not for loan Location (home branch) Sublocation or collection (holding branch) Date acquired Koha issues (times borrowed) Koha full call number Accession No. Koha date last seen Koha item type
        VIVEKANANDA LIBRARY VIVEKANANDA LIBRARY 11/11/2002   942 E84S 107019 17/09/2023 Books
        VIVEKANANDA LIBRARY VIVEKANANDA LIBRARY 11/11/2002   942 E84S 107020 17/09/2023 Books
        VIVEKANANDA LIBRARY VIVEKANANDA LIBRARY 11/11/2002   942 E84S 107021 17/09/2023 Books
© Designed and Maintained by Vivekananda Library, MDU Rohtak